| 000 | 00724nam a2200217Ia 4500 | ||
|---|---|---|---|
| 001 | 3050 | ||
| 003 | GE_BSU | ||
| 008 | 181216s||||||||xx |||||||||||||| ||und|| | ||
| 040 | _cGE_BSU | ||
| 080 | _a665.(075.8) | ||
| 100 | _aМагарил,Р.З. | ||
| 245 | _aТеоретические основы химических процесов переработки нефти. | ||
| 245 | _bУчебное пособие. | ||
| 245 | _cРед. Л.Б.Мясникова. | ||
| 260 | _aЛ. | ||
| 260 | _bХимия. | ||
| 260 | _c1985. | ||
| 300 | _a280 стр. с илл. 21см. | ||
| 653 | _aТеоретические основы химических процесов переработки нефти. | ||
| 942 | _cBK | ||
| 999 |
_c37094 _d37094 |
||